<?xml version="1.0" encoding="UTF-8"?>
<marc:record xmlns:marc="http://www.loc.gov/MARC21/slim">
   <marc:leader>00000nam a2200000 a 4500</marc:leader>
   <marc:datafield ind1="1" ind2=" " tag="100">
      <marc:subfield code="a">Godeau, Natascha</marc:subfield>
      <marc:subfield code="4">aut</marc:subfield>
      <marc:subfield code="e">Verfasser/-in</marc:subfield>
   </marc:datafield>
   <marc:datafield ind1=" " ind2=" " tag="653">
      <marc:subfield code="a">Antolin</marc:subfield>
   </marc:datafield>
   <marc:datafield ind1=" " ind2=" " tag="653">
      <marc:subfield code="a">Klasse-3</marc:subfield>
   </marc:datafield>
   <marc:datafield ind1="0" ind2="0" tag="245">
      <marc:subfield code="a">Pokemon Die Dragoran-Insel</marc:subfield>
   </marc:datafield>
   <marc:datafield ind1=" " ind2="1" tag="264">
      <marc:subfield code="b">Carlson</marc:subfield>
      <marc:subfield code="c">2022</marc:subfield>
   </marc:datafield>
   <marc:datafield ind1="1" ind2=" " tag="490">
      <marc:subfield code="a">Spannende Reisen</marc:subfield>
   </marc:datafield>
   <marc:datafield ind1="1" ind2=" " tag="520">
      <marc:subfield code="a">Es gibt Gerüchte über eine geheime Insel, die mitten im Ozean liegt und nur von Dragoran bewohnt wird, die sehr selten zu beobachten sind. Ash und Goh ergreifen die Chance, neue Entdeckungen zu machen und sich auf die Suche nach diesem geheimnisvollen Ort zu machen! Doch ein Sturm trifft die beiden Helden und Team Rocket lauert in der Nähe ...

Das Buch ist ideal für den Lesestart, sowohl für Jungen als auch Mädchen. 


kurze Sätze

angenehme Lesbarkeit des Textes


Lesespaß für Leseanfänger

viele Illustrationen, die den Spaß an Büchern wecken


Ein ideales Erstlesebuch für alle, die Pokémon toll finden!</marc:subfield>
   </marc:datafield>
   <marc:datafield ind1=" " ind2=" " tag="020">
      <marc:subfield code="a">9783845120492</marc:subfield>
      <marc:subfield code="9">9783845120492</marc:subfield>
   </marc:datafield>
</marc:record>
